Quizzes
Events
Quiz Creation
Community
Videos
Private Events
Remove Ads
Sign In
Join for FREE
Feedback
Dark Mode
Quiz Categories
Sports
Geography
Music
Movies
Television
Just For Fun
Miscellaneous
History
Literature
Language
Science
Gaming
Entertainment
Religion
Holiday
For Kids
Quiz Lab
Recent
Popular Today
Quiz Kudos Today
Editor Picks
Curator Picks
Quizzes by...
Day
Popularity
Type
Ratings
Length
Year
Community
Subscriptions
Recent Discussions
Orange Saloon
Badges
Playlists
Quests
Create
Leaderboards
Showdown
Live 5
Trivia Bingo
Activity
Puzzle Library
Sporcle Events
Private Events
Virtual Trivia
Globe League
Become a Host
Pub Owners
SporcleCon
Opinionation
Our Games
Videos
Blog
Mobile Apps
Partnerships
Remove Ads and Go Orange
Feedback
Sports
Athletes
MLB
NBA
NHL
NFL
Soccer
Sports Teams
WWE
NCAA
Football
Premier League
Basketball
Baseball
Hockey
Golf
Tennis
Cricket
Rugby
Auto Racing
Olympics
World Cup
Sports
Athletes
MLB
NBA
NHL
NFL
Soccer
Sports Teams
WWE
NCAA
Football
Premier League
Basketball
Baseball
Hockey
Golf
Tennis
Cricket
Rugby
Auto Racing
Olympics
World Cup
Random Quiz
Search Sporcle
×
Quiz Lab
Quiz Lab
Sports
Most Games
Type in answers that appear in a list
Type in answers that appear in a list
Classic
Best Score? Go Orange.
Yankees with Most Games Played by Position Since 1995 Stats
Can you name the Yankees with Most Games Played by Position Since 1995?
By
nushney
20m
221 Questions
438 Plays
438 Plays
438 Plays
Comments
Comments
Give Quiz Kudos
Give Quiz Kudos
-
- Ratings
hide this ad
Replay
Link that replays current quiz
Next Quiz
Link to next quiz in quiz playlist
You Got
0%
They Got
Avg Score
71%
Avg Friend Score
Upgrade to see
Score Distribution
Jump to the score distribution portion of the page
Score
0/221
Timer
20:00
0
Plays Today
Position
Player
% Correct
Catcher
Jorge Posada
99.1%
Shortstop
Derek Jeter
99.1%
Third Baseman
Alex Rodriguez
99.1%
Designated Hitter
Alex Rodriguez
99.1%
Designated Hitter
Derek Jeter
99.1%
Designated Hitter
Jorge Posada
99.1%
Catcher
Russell Martin
98.2%
First Baseman
Tino Martinez
98.2%
Second Baseman
Robinson Cano
97.9%
Catcher
Gary Sanchez
97.8%
Second Baseman
Gleyber Torres
97.8%
Shortstop
Didi Gregorius
97.8%
Shortstop
Gleyber Torres
97.8%
Designated Hitter
Gary Sanchez
97.8%
Catcher
Jose Trevino
97.5%
First Baseman
Mark Teixeira
97.5%
Leftfielder
Gerald Williams
97.5%
Centerfielder
Bernie Williams
97.5%
Centerfielder
Gerald Williams
97.5%
Rightfielder
Gerald Williams
97.5%
Rightfielder
Bernie Williams
97.5%
Designated Hitter
Bernie Williams
97.5%
Catcher
Brian McCann
97.3%
Leftfielder
Vernon Wells
96.9%
Starting Pitcher
Masahiro Tanaka
96.9%
Second Baseman
Brian Roberts
96.4%
Rightfielder
Aaron Judge
96.4%
Starting Pitcher
Andy Pettitte
96.3%
First Baseman
Jason Giambi
96.1%
Designated Hitter
Jason Giambi
96.1%
Leftfielder
Aaron Hicks
96%
Rightfielder
Paul O'Neill
95.7%
First Baseman
Chase Headley
95.6%
Third Baseman
Chase Headley
95.6%
Second Baseman
Alfonso Soriano
95.2%
Starting Pitcher
Randy Johnson
95.1%
Second Baseman
Chuck Knoblauch
94.5%
Leftfielder
Chuck Knoblauch
94.5%
First Baseman
Mike Ford
94.1%
Centerfielder
Jacoby Ellsbury
93.8%
Starting Pitcher
Mike Mussina
93.4%
First Baseman
Nick Johnson
93.2%
Third Baseman
Scott Brosius
93.2%
Designated Hitter
Nick Johnson
93.2%
Relief Pitcher
Mariano Rivera
93.2%
Catcher
Joe Girardi
92.9%
Starting Pitcher
CC Sabathia
92.5%
Third Baseman
Gio Urshela
92%
Centerfielder
Harrison Bader
92%
Centerfielder
Aaron Judge
92%
Leftfielder
Hideki Matsui
91.8%
Centerfielder
Hideki Matsui
91.8%
Designated Hitter
Hideki Matsui
91.8%
Starting Pitcher
Roger Clemens
91.8%
First Baseman
Greg Bird
91.6%
Centerfielder
Aaron Hicks
91.6%
Rightfielder
Aaron Hicks
91.6%
Starting Pitcher
David Wells
91.6%
Designated Hitter
Giancarlo Stanton
91.6%
Leftfielder
Brett Gardner
90.9%
Centerfielder
Brett Gardner
90.9%
First Baseman
Nick Swisher
90.6%
Rightfielder
Nick Swisher
90.6%
First Baseman
Luke Voit
90.2%
Second Baseman
Starlin Castro
89.8%
Second Baseman
D.J. LeMahieu
89.8%
Centerfielder
Curtis Granderson
89%
Starting Pitcher
David Cone
89%
Designated Hitter
Aaron Judge
88.4%
Starting Pitcher
Hiroki Kuroda
88%
Relief Pitcher
Dellin Betances
88%
Leftfielder
Johnny Damon
87.9%
Centerfielder
Johnny Damon
87.9%
Third Baseman
Wade Boggs
87.2%
Position
Player
% Correct
Rightfielder
Gary Sheffield
87.2%
Rightfielder
Carlos Beltran
87.1%
Designated Hitter
Carlos Beltran
87.1%
Centerfielder
Ichiro Suzuki
86.7%
Centerfielder
Estevan Florial
86.7%
Catcher
Austin Romine
86.2%
Third Baseman
Miguel Andujar
86.2%
Starting Pitcher
Luis Severino
85.8%
Rightfielder
Clint Frazier
85.4%
Designated Hitter
Chili Davis
84.9%
Relief Pitcher
Aroldis Chapman
84.9%
Relief Pitcher
Mike Stanton
84.7%
Catcher
Francisco Cervelli
84.5%
Rightfielder
Bobby Abreu
84.5%
Catcher
Kyle Higashioka
84.4%
Second Baseman
Stephen Drew
84.4%
Leftfielder
Melky Cabrera
84%
Centerfielder
Melky Cabrera
84%
Rightfielder
Melky Cabrera
84%
Starting Pitcher
Orlando Hernandez
83.6%
Leftfielder
Shane Spencer
83.3%
Rightfielder
Shane Spencer
83.3%
Starting Pitcher
Gerrit Cole
82.7%
Designated Hitter
Darryl Strawberry
82.6%
Catcher
Jim Leyritz
82.4%
Relief Pitcher
Joba Chamberlain
82.2%
Catcher
Jose Molina
82.2%
Third Baseman
Robin Ventura
82%
Designated Hitter
Tim Raines
82%
First Baseman
Don Mattingly
81.1%
Shortstop
Andrew Velazquez
80.9%
Leftfielder
Chad Curtis
80.8%
Centerfielder
Chad Curtis
80.8%
Relief Pitcher
David Robertson
80.4%
Third Baseman
Charlie Hayes
79.7%
First Baseman
Anthony Rizzo
79.5%
Second Baseman
Enrique Wilson
79.5%
Shortstop
Enrique Wilson
79.5%
Third Baseman
Enrique Wilson
79.5%
Designated Hitter
Cecil Fielder
79.5%
Starting Pitcher
Chien-Ming Wang
79.5%
Rightfielder
Ruben Sierra
78.8%
Designated Hitter
Ruben Sierra
78.8%
Rightfielder
Giancarlo Stanton
78.5%
First Baseman
Lyle Overbay
78.2%
Second Baseman
Ronald Torreyes
78.2%
Shortstop
Ronald Torreyes
78.2%
Third Baseman
Ronald Torreyes
78.2%
Second Baseman
Mariano Duncan
78.1%
Second Baseman
Luis Sojo
78.1%
Shortstop
Luis Sojo
78.1%
Third Baseman
Luis Sojo
78.1%
Leftfielder
Ricky Ledee
77.9%
Third Baseman
Yangervis Solarte
77.8%
Relief Pitcher
Chad Green
77.3%
Leftfielder
Clint Frazier
77.2%
Starting Pitcher
Ivan Nova
76.9%
Relief Pitcher
Jeff Nelson
76.7%
Catcher
Mike Stanley
76.3%
Leftfielder
Andruw Jones
76.3%
Designated Hitter
David Justice
76.3%
Designated Hitter
Matt Holliday
76%
Starting Pitcher
A.J. Burnett
75.8%
Starting Pitcher
Phil Hughes
75.3%
Second Baseman
Rey Sanchez
74.9%
Shortstop
Eduardo Nuñez
74.9%
Third Baseman
Eduardo Nuñez
74.9%
Leftfielder
Joey Gallo
74.9%
Catcher
John Ryan Murphy
74.7%
Second Baseman
Pat Kelly
74%
Leftfielder
Rondell White
73.5%
First Baseman
D.J. LeMahieu
73.3%
Shortstop
Tony Fernandez
73.3%
Third Baseman
Aaron Boone
73.3%
Position
Player
% Correct
Shortstop
Tyler Wade
72.8%
Relief Pitcher
Tom Gordon
72.4%
Rightfielder
Raul Mondesi
71.7%
First Baseman
Tyler Austin
71.6%
Relief Pitcher
Jonathan Loaisiga
71.6%
Centerfielder
Isiah Kiner-Falefa
71.1%
First Baseman
Tony Clark
71%
Centerfielder
Kenny Lofton
70.1%
Third Baseman
Todd Frazier
68.9%
Rightfielder
Ichiro Suzuki
68.5%
Second Baseman
Miguel Cairo
67.6%
Shortstop
Miguel Cairo
67.6%
Leftfielder
Tim Raines
67.4%
Relief Pitcher
Ramiro Mendoza
67.4%
Starting Pitcher
Domingo German
67.1%
Second Baseman
Tyler Wade
65.8%
Leftfielder
Mike Tauchman
65.8%
Centerfielder
Mike Tauchman
65.8%
Starting Pitcher
Hideki Irabu
65.8%
First Baseman
John Olerud
65.5%
First Baseman
Andy Phillips
65.3%
Third Baseman
D.J. LeMahieu
65.1%
Leftfielder
Chris Young
64.9%
Rightfielder
Chris Young
64.9%
Shortstop
Ramiro Peña
64.8%
Third Baseman
Ramiro Peña
64.8%
Leftfielder
Raul Ibañez
64.6%
Centerfielder
Tony Womack
64.6%
Catcher
John Flaherty
64.2%
Starting Pitcher
Michael Pineda
64%
Shortstop
Jayson Nix
63.5%
Third Baseman
Jayson Nix
63.5%
Starting Pitcher
Jordan Montgomery
63.1%
Catcher
Chris Stewart
62.8%
First Baseman
Chris Carter
62.7%
Third Baseman
Eric Chavez
62.6%
Designated Hitter
Johnny Damon
62.6%
Second Baseman
Randy Velarde
61.9%
Shortstop
Randy Velarde
61.9%
Designated Hitter
Travis Hafner
59.6%
Shortstop
Anthony Volpe
59.6%
Relief Pitcher
Zack Britton
59.6%
Shortstop
Isiah Kiner-Falefa
59.1%
Relief Pitcher
Brian Bruney
58.7%
Catcher
Todd Greene
56.6%
Relief Pitcher
Chasen Shreve
56.4%
First Baseman
Doug Mientkiewicz
56.2%
Rightfielder
John Vander Wal
55.9%
Second Baseman
Jose Vizcaino
55.3%
Relief Pitcher
Tommy Kahnle
53.8%
Shortstop
Brendan Ryan
52.9%
Centerfielder
Bubba Crosby
52.7%
Rightfielder
Bubba Crosby
52.7%
Third Baseman
Josh Donaldson
52.3%
Second Baseman
Andy Fox
51.6%
Relief Pitcher
Jonathan Holder
51.6%
Shortstop
Alberto Gonzalez
51.1%
Relief Pitcher
Boone Logan
51.1%
Second Baseman
Rougned Odor
51.1%
Relief Pitcher
Adam Warren
50.2%
Rightfielder
Joey Gallo
50%
Centerfielder
Clay Bellinger
49.8%
Shortstop
Gio Urshela
47%
Relief Pitcher
Kyle Farnsworth
45.4%
Relief Pitcher
Scott Proctor
45%
Leftfielder
Luis Polonia
44.5%
Shortstop
Erick Almonte
44.3%
First Baseman
Wilson Betemit
43.2%
Catcher
Kelly Stinnett
40.4%
Catcher
Chris Turner
39.5%
Catcher
Chad Moeller
36.8%
Catcher
Wil Nieves
34.9%
Rightfielder
Chris Dickerson
32.2%
Quiz Playlist
Details
Report
Send in Message
Add To Playlist
Classic:
Type in answers that appear in a list
Quiz Source
Last Updated: Aug 4, 2020
Quiz Scoreboard
CHALLENGE
Sign Up to Join the Scoreboard
Show All
Scores
Hide
Comments
May contain spoilers
Recently Published
Popular People in 1961
by mucciniale
History
6m
1-10 Letter E Words III
by El_Dandy
Language
2m
One Thing in Common: World Cities II
by knightlancer
Geography
7m
More to Explore
Quiz From the Vault
Featured Blog Post
Where Did the Easter Bunny Come From?
hide this ad
You Might Also Like...
Tags
1995
Most Games
Player
Today's Top Quizzes in Sports
Browse Sports
hide this ad
Today's Top Quizzes in Most Games
Browse Most Games
Top Contributed Quizzes in Sports
1
Les meilleurs buteurs des matchs entre le PSG et l’OM
2
Les entraîneurs de l'OM et du PSG au 21e siècle
3
2022 World Cup Stars
4
FIFA Club World Cup Champions
5
Name the Premier League winners with different clubs
6
La finale Lions - Afrique du Sud 2021
7
Criteria MLB: Left Handed Sluggers
8
Players with Multiple 50 Home Run Seasons
9
MLB Players with Two .350 Batting Average Seasons
10
MLB Hall of Famer by Rings
Explore More
Trending Topics
Marvel
Harry Potter
Anime
Disney
Crossword
NBA
Kpop
Country
Pokémon
NFL
Song
The Office
WWE
Soccer
Puzzle
hide this ad
More By:
nushney
Quiz
Plays
Rating
Category
Featured
Created
2015 MLB Teams Most Common Lineups
9,868
3.80
Sports
Oct 26, 2015
1000 HR Teammates
9,617
4.63
Sports
Jun 13, 2011
WWE: Opponents of The Shield
9,199
3.89
Sports
Apr 11, 2013
2012 MLB Teams Most Common Lineups
8,824
4.57
Sports
Oct 20, 2012
Top 4 Most Populous Cities per State
8,507
3.85
Geography
Mar 22, 2010
Go to Creator's Profile
Score Distribution
Quiz Creator Spotlight
nushney
Follow
Send a Message
Quizzes Created
-
Created Quiz Play Count
-
More By This Creator
Popular Quizzes Today
1
Find the US States - No Outlines Minefield
2
The Countries of the World
3
Find the Countries of Europe - No Outlines Minefield
4
Popular People in 1961
5
1-10 Letter E Words III
6
Find the US States
7
One Thing in Common: World Cities II
8
US States
More Sports Quizzes
Bielsa's Winning XI's against the 'Top 6' (Leeds)
Quiz Lab
Trending Quizzes
Risky Map Clicking: Least Populous States A-Z
1-10 Letter F Words
1-10 Letter G Words
One Thing in Common: United Kingdom
Risky Map Clicking: Next State Alphabetically
Recently Updated
Leaping Animals
pecheneg
Reality TV Shows (A-Z)
bhenderson79
Rickey Henderson's Hall of Fame Teammates
pecheneg
Champions League XIs: Arsenal
pecheneg
Quick Pick: Celebrities in WWE's Hall of Fame
aduchscher
A-Z Keypad Blitz II
pecheneg
Multiple Oscar Actors
pecheneg
Mystery Phrase Blitz: Oscar 'Best Actors'
pecheneg
F. Scott Fitzgerald Novels
LTH
Pick 3 Villains
ddd62291
Trending Topics
Kpop
Marvel
Harry Potter
Crossword
Anime
NBA
Disney
WWE
Song
Country
Pokémon
NFL
Puzzle
The Office
Soccer
Your Account Isn't Verified!
In order to create a playlist on Sporcle, you need to verify the email address you used during registration. Go to your
Sporcle Settings
to finish the process.
Report this User
Report this user for behavior that violates our
Community Guidelines
.
Details:
Send Report
Go to the Sporcle.com Mobile Site →
Comments